000 00298nam a22001337a 4500
008 170405b xxu||||| |||| 00| 0 eng d
020 _a9780781732086
041 _aeng
080 _a616.34
100 _a9
101 _aSHM
245 _aGASTROINTENSTINAL FUNCTIONS
_cDELVIN, E.E
942 _2udc
_cBK
999 _c9853
_d9853